000
00262 a2200097 4500
001
12779
100
_a
Huntington Samuel P.
245
_a
Clash of Civilizations and the Remaking of World Order
260
_a
NY
_b
A Touchstone Book, NY
_c
1996
090
_c
9760
_d
9760
942
_a
NUST-CAE
_c
M
_c
36667
999
_c
247852
_d
247852